[Event "XII Festival A"]
[Site "Amantea ITA"]
[Date "2014.09.09"]
[Round "3"]
[White "Grasso, Gaetano"]
[Black "Bruno, Fabio"]
[WhiteElo "2077"]
[BlackElo "2436"]
[Result "0-1"]
[PlyCount "118"]
[EventDate "2014.09.07"]

1. e4 c5 2. c3 d5 3. exd5 Qxd5 4. d4 Nf6 5. Nf3 g6 6. Nbd2 Bg7 7. Bc4 Qd6 8.
Ng5 O-O 9. Qb3 e6 10. Nde4 Nxe4 11. Nxe4 Qc7 12. Nxc5 b6 13. Ne4 Bb7 14. Bd3 e5
15. d5 Nd7 16. Be3 Rad8 17. d6 Qc8 18. O-O-O Bxe4 19. Bxe4 Nc5 20. Qd5 Nxe4 21.
Qxe4 Qe6 22. Qd5 Qxd5 23. Rxd5 Rd7 24. Rhd1 f5 25. f3 Rc8 26. Bg5 Kf7 27. Be7
Rc6 28. Kd2 Bf6 29. Ke3 Bxe7 30. dxe7 Rxe7 31. Rd6 Rc4 32. Rd7 Rc7 33. R7d6 e4
34. R1d4 exf3+ 35. Kxf3 Rc5 36. Kf4 Rce5 37. Rd7 Re2 38. Rd2 Rxd7 39. Rxe2 Kf6
40. h4 h6 41. a3 Rd3 42. Re3 g5+ 43. hxg5+ hxg5+ 44. Kf3 Rxe3+ 45. Kxe3 Ke5 46.
g3 b5 47. b3 a5 48. c4 bxc4 49. bxc4 a4 50. Kd3 f4 51. gxf4+ Kxf4 52. c5 Ke5
53. Kc4 g4 54. Kb5 g3 55. c6 Kd6 56. Kb6 g2 57. Kb7 g1=Q 58. c7 Qg7 59. Ka8
Kxc7 0-1

[Event "XII Festival A"]
[Site "Amantea ITA"]
[Date "2014.09.09"]
[Round "3"]
[White "Horvath, Jozsef"]
[Black "Makka, Ioulia"]
[WhiteElo "2514"]
[BlackElo "2115"]
[Result "1-0"]
[PlyCount "125"]
[EventDate "2014.09.07"]

1. d4 Nf6 2. Nf3 b6 3. Nc3 Bb7 4. Bg5 g6 5. Bxf6 exf6 6. e4 Bg7 7. Bc4 O-O 8.
O-O Nc6 9. Bd5 Ba6 10. Re1 Rb8 11. a4 Ne7 12. Bb3 Bb7 13. d5 Nc8 14. Qd2 Nd6
15. Nb5 Nc8 16. Rad1 a6 17. Na3 Re8 18. Nc4 b5 19. Na5 Ba8 20. axb5 axb5 21. c3
Nd6 22. Bc2 Re7 23. b4 Qe8 24. Qf4 Qf8 25. Nb3 h5 26. h4 Rbe8 27. Nc5 Nc4 28.
Bb3 Nd6 29. Qg3 Kh7 30. Qh3 Nxe4 31. Nxe4 Rxe4 32. Rxe4 Rxe4 33. Qxd7 Qe8 34.
Qxc7 Re7 35. Qc5 Rb7 36. Re1 Qd8 37. Nd4 Bf8 38. Nc6 Qc8 39. Qd4 Bg7 40. Qf4
Rd7 41. Qf3 Rc7 42. Re7 f5 43. Na7 Qd8 44. Rxc7 Qxc7 45. Nxb5 Qe7 46. g3 Qe1+
47. Kg2 Qd2 48. Kh2 Bh6 49. Nd6 Kg7 50. b5 f4 51. Ne4 Qb2 52. c4 fxg3+ 53. Qxg3
Kh7 54. Kg2 Qd4 55. Ng5+ Kg7 56. Qf3 Qa7 57. b6 Qe7 58. Qe3 Qd7 59. Qd4+ Kg8
60. c5 Bg7 61. Qe4 Qb5 62. c6 Qxb6 63. Qe8+ 1-0

[Event "XII Festival A"]
[Site "Amantea ITA"]
[Date "2014.09.09"]
[Round "3"]
[White "Libiszewski, Fabien"]
[Black "Calzetta Ruiz, Monica"]
[WhiteElo "2531"]
[BlackElo "2227"]
[Result "1-0"]
[PlyCount "49"]
[EventDate "2014.09.07"]

1. e4 c5 2. Nf3 g6 3. c3 d5 4. e5 Nc6 5. d4 Bg4 6. Bb5 Qb6 7. Bxc6+ bxc6 8.
Nbd2 cxd4 9. cxd4 Qa6 10. h3 Bxf3 11. Qxf3 e6 12. Nb3 Rb8 13. Bd2 h6 14. Qe2
Qxe2+ 15. Kxe2 c5 16. dxc5 Ne7 17. Nd4 Bg7 18. f4 Rxb2 19. Rhb1 Rxb1 20. Rxb1
O-O 21. Rb7 Nf5 22. Nxf5 gxf5 23. c6 Rc8 24. c7 Bf8 25. Ba5 1-0

[Event "XII Festival A"]
[Site "Amantea ITA"]
[Date "2014.09.09"]
[Round "3"]
[White "Valsecchi, Alessio"]
[Black "Pisacane, Pietro"]
[WhiteElo "2438"]
[BlackElo "2094"]
[Result "1-0"]
[PlyCount "51"]
[EventDate "2014.09.07"]

1. e4 e6 2. d4 d5 3. Nd2 Nf6 4. e5 Nfd7 5. Bd3 c5 6. c3 Nc6 7. Ngf3 g6 8. h4 h5
9. O-O Be7 10. c4 cxd4 11. cxd5 Ndxe5 12. dxc6 Nxd3 13. Qa4 bxc6 14. Qxc6+ Bd7
15. Qe4 Nxc1 16. Rfxc1 O-O 17. Ne5 Bf6 18. Ndf3 Kg7 19. Rc4 Qe7 20. Rc7 Rad8
21. Qb7 Bxe5 22. Nxe5 Bc8 23. Rxe7 Bxb7 24. Rxb7 d3 25. Rd1 Rd5 26. f4 1-0

[Event "XII Festival A"]
[Site "Amantea ITA"]
[Date "2014.09.09"]
[Round "3"]
[White "Vovk, Andrey"]
[Black "Meertens, Martin"]
[WhiteElo "2625"]
[BlackElo "2140"]
[Result "1-0"]
[PlyCount "63"]
[EventDate "2014.09.07"]

1. e4 c5 2. Nf3 d6 3. d4 cxd4 4. Nxd4 Nf6 5. Nc3 e6 6. Be3 a6 7. Be2 Be7 8. f4
Qc7 9. g4 Nc6 10. Bf3 Nxd4 11. Bxd4 e5 12. Be3 exf4 13. Bxf4 Be6 14. Qe2 Nd7
15. O-O-O O-O 16. g5 Ne5 17. h4 Rac8 18. Bxe5 dxe5 19. Nd5 Bxd5 20. exd5 b5 21.
Kb1 b4 22. Be4 f5 23. gxf6 Rxf6 24. Qd3 h6 25. Bf5 Rd8 26. Qh3 Rdf8 27. Bd3 Rf4
28. Qe6+ Kh8 29. Qg6 Kg8 30. Qh7+ Kf7 31. Bg6+ Kf6 32. Bh5 1-0

[Event "XII Festival A"]
[Site "Amantea ITA"]
[Date "2014.09.10"]
[Round "4"]
[White "Bove, Alessandro"]
[Black "Libiszewski, Fabien"]
[WhiteElo "2302"]
[BlackElo "2531"]
[Result "0-1"]
[PlyCount "128"]
[EventDate "2014.09.07"]

1. e4 d6 2. d4 Nf6 3. Nc3 g6 4. f4 Bg7 5. Nf3 O-O 6. a3 b6 7. Bd3 Bb7 8. Qe2 c5
9. e5 Nd5 10. Nxd5 Bxd5 11. dxc5 bxc5 12. c4 Bxf3 13. Qxf3 Nd7 14. e6 fxe6 15.
Qh3 Rf6 16. O-O Nf8 17. Bd2 a5 18. Rad1 Rf7 19. Be4 Rb8 20. Bc3 Qb6 21. Bxg7
Rxg7 22. Rd2 Qb3 23. Qxb3 Rxb3 24. Rf3 Rb6 25. Re3 g5 26. fxg5 Rxg5 27. Rf2 Nd7
28. h4 Rg7 29. Bf3 Ne5 30. Bh5 Rb8 31. Re4 Rg3 32. Ref4 Nd3 33. R4f3 Rxf3 34.
Rxf3 Ne5 35. Rg3+ Kh8 36. b3 Rf8 37. Re3 Rf4 38. g3 Rd4 39. Kf2 Kg7 40. Ke1 Kf6
41. Bd1 h6 42. Bc2 Rg4 43. Kf2 d5 44. cxd5 exd5 45. Rc3 c4 46. Bd1 Re4 47. bxc4
Rxc4 48. Rb3 e6 49. Rb8 Rc3 50. Rf8+ Kg7 51. Re8 Nd3+ 52. Kg2 Nc5 53. Re7+ Kf6
54. Rh7 Kg6 55. Rc7 Ne4 56. Rxc3 Nxc3 57. Bc2+ Kf6 58. g4 e5 59. Kf3 Nb5 60.
Ke3 Nxa3 61. Bh7 Nc4+ 62. Kd3 Nd6 63. Kc3 Ne4+ 64. Kb3 Nf2 0-1

[Event "XII Festival A"]
[Site "Amantea ITA"]
[Date "2014.09.10"]
[Round "4"]
[White "Bruno, Fabio"]
[Black "Scholzen, Wolfgang"]
[WhiteElo "2436"]
[BlackElo "2119"]
[Result "1-0"]
[PlyCount "75"]
[EventDate "2014.09.07"]

1. d4 Nf6 2. Nf3 g6 3. c4 Bg7 4. Nc3 O-O 5. e4 d6 6. Be2 c6 7. O-O e5 8. Be3
Qe7 9. d5 Ng4 10. Bg5 f6 11. Bh4 g5 12. Bg3 h5 13. Nd2 f5 14. exf5 Bxf5 15.
Nde4 c5 16. h3 Nh6 17. Bxh5 Nd7 18. Qe2 a6 19. f3 Bh7 20. Bg4 Nf5 21. Bxf5 Bxf5
22. Bf2 Bh6 23. Be3 Kh7 24. Qd2 Rg8 25. g4 Bxe4 26. Nxe4 Rg6 27. Qd3 Rb8 28. a4
Rf8 29. Ra3 Nb6 30. a5 Nc8 31. Kg2 Kg7 32. Ng3 Qd7 33. Qe4 Ne7 34. Rb3 Rf7 35.
Qd3 Kh8 36. Ne4 Rf8 37. Rb6 Rf7 38. Nxc5 1-0

[Event "XII Festival A"]
[Site "Amantea ITA"]
[Date "2014.09.10"]
[Round "4"]
[White "Calzetta Ruiz, Monica"]
[Black "Sanchez Enriquez, Oscar Gerardo"]
[WhiteElo "2227"]
[BlackElo "2383"]
[Result "1/2-1/2"]
[PlyCount "40"]
[EventDate "2014.09.07"]

1. e4 c5 2. Nf3 a6 3. Nc3 e6 4. d4 cxd4 5. Nxd4 Qc7 6. g3 Nc6 7. Bg2 d6 8. O-O
Bd7 9. a4 Nf6 10. Re1 Be7 11. Nxc6 Bxc6 12. a5 O-O 13. Be3 Nd7 14. Na4 Rae8 15.
Nb6 f5 16. Nxd7 Qxd7 17. exf5 Bxg2 18. Kxg2 Rxf5 19. Kg1 Bf6 20. c3 Qc6 1/2-1/2

[Event "XII Festival A"]
[Site "Amantea ITA"]
[Date "2014.09.10"]
[Round "4"]
[White "Delorme, Axel"]
[Black "Vovk, Andrey"]
[WhiteElo "2505"]
[BlackElo "2625"]
[Result "0-1"]
[PlyCount "96"]
[EventDate "2014.09.07"]

1. e4 c5 2. c3 Nf6 3. e5 Nd5 4. d4 cxd4 5. Nf3 e6 6. cxd4 d6 7. Bc4 Be7 8. O-O
O-O 9. Bd2 b6 10. Nc3 Nxc3 11. Bxc3 Ba6 12. Bxa6 Nxa6 13. d5 exd5 14. Qxd5 dxe5
15. Qc4 Qc8 16. Nxe5 Qxc4 17. Nxc4 Rac8 18. Ne3 Rfd8 19. Rfd1 f6 20. Kf1 Kf7
21. Ke2 Ke6 22. Rxd8 Rxd8 23. Rd1 Rxd1 24. Nxd1 Nb4 25. a3 Nc6 26. Ne3 b5 27.
Nc2 Bc5 28. b3 Bb6 29. f3 a5 30. Kd3 Ne5+ 31. Ke2 Ng6 32. g3 Ne7 33. Nd4+ Bxd4
34. Bxd4 Kd5 35. Kd3 Nc6 36. Bc3 Ne5+ 37. Ke3 a4 38. bxa4 Nc4+ 39. Kd3 bxa4 40.
Bb4 Ne5+ 41. Kc3 Nxf3 42. Bf8 g5 43. Kb4 Nxh2 44. Kxa4 h5 45. Kb5 Nf3 46. a4 h4
47. gxh4 gxh4 48. a5 h3 0-1

[Event "XII Festival A"]
[Site "Amantea ITA"]
[Date "2014.09.10"]
[Round "4"]
[White "Estremera Panos, Sergio"]
[Black "Collutiis, Duilio"]
[WhiteElo "2366"]
[BlackElo "2476"]
[Result "1/2-1/2"]
[PlyCount "80"]
[EventDate "2014.09.07"]

1. d4 Nf6 2. c4 c5 3. d5 b5 4. cxb5 a6 5. e3 axb5 6. Bxb5 Qa5+ 7. Nc3 Bb7 8.
Bd2 Qb6 9. Nf3 Nxd5 10. Nxd5 Bxd5 11. a4 e6 12. O-O Be7 13. Bc3 Qb7 14. Re1 O-O
15. Nd2 f5 16. e4 fxe4 17. Qg4 Rf7 18. Nxe4 Nc6 19. Rad1 Raf8 20. Ng5 Rf4 21.
Qh5 Bxg5 22. Bxc6 dxc6 23. Qxg5 Rxf2 24. Rd2 Qf7 25. h3 h6 26. Qe3 Rf5 27. a5
Qg6 28. Kh2 Rg5 29. Ree2 Rf1 30. Rf2 Qb1 31. Rxf1 Qxf1 32. Qg1 Qf4+ 33. g3 Qe4
34. Rf2 Qd3 35. Rd2 Re5 36. Rxd3 Re2+ 37. Qf2 Rxf2+ 38. Kg1 Rg2+ 39. Kf1 Rh2
40. h4 Rh1+ 1/2-1/2

[Event "XII Festival A"]
[Site "Amantea ITA"]
[Date "2014.09.10"]
[Round "4"]
[White "Farago, Ivan"]
[Black "Varriale, Luca"]
[WhiteElo "2428"]
[BlackElo "2037"]
[Result "1-0"]
[PlyCount "105"]
[EventDate "2014.09.07"]

1. d4 Nf6 2. c4 c5 3. d5 e5 4. Nc3 d6 5. e4 Be7 6. Be2 Nbd7 7. Nf3 O-O 8. O-O
Ne8 9. a3 g6 10. Bh6 Ng7 11. Qd2 Nf6 12. Ne1 Kh8 13. Nd3 Ng8 14. Be3 f5 15. f4
exf4 16. Bxf4 fxe4 17. Nxe4 Nf6 18. Ng3 Nf5 19. Qc3 Kg8 20. Nxf5 Bxf5 21. Bh6
Rf7 22. g4 Bxd3 23. Bxd3 Bf8 24. Bg5 Nxd5 25. Bxd8 Nxc3 26. Rxf7 Kxf7 27. Rf1+
Kg8 28. Bf6 Na4 29. Be4 Nb6 30. Bxb7 Re8 31. Bc6 Re2 32. a4 Bg7 33. a5 Nc8 34.
Bd5+ Kh8 35. Bxg7+ Kxg7 36. Rf7+ Kh6 37. h4 g5 38. Rf6+ Kg7 39. hxg5 Ne7 40.
Rxd6 Nxd5 41. Rxd5 Rxb2 42. Rxc5 Kg6 43. Kf1 Rc2 44. Ke1 Rg2 45. Rc7 Rxg4 46.
Kd2 Rxg5 47. Rxa7 h5 48. a6 h4 49. Ra8 Kg7 50. a7 Ra5 51. Ke2 h3 52. Kf2 Ra1
53. Kg3 1-0

[Event "XII Festival A"]
[Site "Amantea ITA"]
[Date "2014.09.10"]
[Round "4"]
[White "Horvath, Csaba"]
[Black "Sveshnikov, Evgeny E."]
[WhiteElo "2537"]
[BlackElo "2502"]
[Result "1/2-1/2"]
[PlyCount "52"]
[EventDate "2014.09.07"]

1. d4 d5 2. c4 e6 3. Nf3 Nf6 4. Nc3 c6 5. e3 Nbd7 6. Bd3 Bd6 7. e4 dxe4 8. Nxe4
Nxe4 9. Bxe4 Nf6 10. Bc2 c5 11. O-O h6 12. dxc5 Bxc5 13. Qxd8+ Kxd8 14. Bd2 a5
15. Bc3 Ke7 16. Ne5 Rd8 17. Rad1 Bd7 18. Nxd7 Rxd7 19. Rxd7+ Kxd7 20. Rd1+ Ke7
21. Ba4 b6 22. Kf1 Rc8 23. Bb5 g5 24. Ke2 Ne4 25. Rd7+ Kf8 26. Be5 Bxf2 1/2-1/2

[Event "XII Festival A"]
[Site "Amantea ITA"]
[Date "2014.09.10"]
[Round "4"]
[White "Horvath, Jozsef"]
[Black "Damia, Angelo"]
[WhiteElo "2514"]
[BlackElo "2209"]
[Result "1-0"]
[PlyCount "75"]
[EventDate "2014.09.07"]

1. Nf3 Nf6 2. c4 g6 3. b3 Bg7 4. Bb2 O-O 5. g3 b6 6. Bg2 Bb7 7. O-O d6 8. d4
Nbd7 9. Qc2 Be4 10. Qd2 c5 11. Nc3 cxd4 12. Nxe4 Nxe4 13. Qc2 Nec5 14. Nxd4
Bxd4 15. Bxd4 Rc8 16. Qd2 Ne6 17. Bb2 Qc7 18. f4 Qc5+ 19. Kh1 Nf6 20. e4 Rcd8
21. Rad1 Ng4 22. Bf3 Nf6 23. Qc3 b5 24. cxb5 Qxb5 25. Qe3 Qc5 26. Qe2 Qa5 27.
Rd2 Nc5 28. Rfd1 Nfd7 29. Ba1 f6 30. Rd4 Qb6 31. b4 Na6 32. a3 Nc7 33. Rc4 Na6
34. e5 Ndb8 35. exf6 exf6 36. Qe6+ Kg7 37. Qe7+ Kh6 38. Bxf6 1-0

[Event "XII Festival A"]
[Site "Amantea ITA"]
[Date "2014.09.10"]
[Round "4"]
[White "Ochsner, Bjorn Moller"]
[Black "Drasko, Milan"]
[WhiteElo "2336"]
[BlackElo "2434"]
[Result "1-0"]
[PlyCount "83"]
[EventDate "2014.09.07"]

1. e4 e6 2. d4 d5 3. Nc3 Bb4 4. e5 b6 5. a3 Bf8 6. Nf3 Qd7 7. b4 Ne7 8. h4 h6
9. h5 a6 10. Ne2 a5 11. Bd2 axb4 12. axb4 Rxa1 13. Qxa1 Ba6 14. Rh4 Nf5 15. Rh3
Qc6 16. g4 Ne7 17. Nh2 Nc8 18. f4 Be7 19. Qb2 Bc4 20. Nc3 Bxf1 21. Nxf1 f6 22.
Ne2 O-O 23. Ne3 Qd7 24. f5 fxe5 25. dxe5 Bg5 26. Nd4 exf5 27. Nexf5 Bxd2+ 28.
Kxd2 c5 29. bxc5 bxc5 30. Ne2 Rxf5 31. e6 Qc7 32. gxf5 Nd6 33. Qa2 Nc4+ 34. Ke1
Qe5 35. Qa4 Kh7 36. Qe8 Qa1+ 37. Kf2 Nd2 38. Qg6+ Kh8 39. Qe8+ Kh7 40. Qg6+ Kh8
41. Qg1 Qe5 42. Qh2 1-0

[Event "XII Festival A"]
[Site "Amantea ITA"]
[Date "2014.09.10"]
[Round "4"]
[White "Sharma, Dinesh K."]
[Black "Valsecchi, Alessio"]
[WhiteElo "2359"]
[BlackElo "2438"]
[Result "1-0"]
[PlyCount "85"]
[EventDate "2014.09.07"]

1. e4 c5 2. Nf3 d6 3. d4 cxd4 4. Nxd4 Nf6 5. Nc3 g6 6. Be3 a6 7. f3 Nbd7 8. Qd2
h5 9. Nd5 Nxd5 10. exd5 Bg7 11. Be2 h4 12. O-O Nf6 13. c4 Bd7 14. Rfe1 Kf8 15.
Bf1 Rh5 16. a4 b6 17. Bf2 Rb8 18. b4 Rc8 19. b5 axb5 20. axb5 Nxd5 21. cxd5
Rxd5 22. Qb4 h3 23. g3 Kg8 24. Red1 Qc7 25. Rab1 Ra8 26. Rdc1 Rc5 27. Ne2 Rxc1
28. Rxc1 Qb7 29. Qb3 e5 30. Rd1 Be6 31. Qe3 d5 32. Qxb6 Qe7 33. Nc3 d4 34. Ne4
Qa3 35. Qb7 Bh6 36. b6 Rc8 37. Nf6+ Kg7 38. Ng4 Rc2 39. Qe4 Bxg4 40. Qxc2 Qxf3
41. Qe2 Qf5 42. Qd3 Qd7 43. Re1 1-0

[Event "XII Festival A"]
[Site "Amantea ITA"]
[Date "2014.09.10"]
[Round "4"]
[White "Sumets, Andrey"]
[Black "David, Alberto"]
[WhiteElo "2618"]
[BlackElo "2548"]
[Result "1/2-1/2"]
[PlyCount "55"]
[EventDate "2014.09.07"]

1. Nf3 Nf6 2. c4 e6 3. g3 d5 4. Bg2 Be7 5. O-O O-O 6. d4 dxc4 7. Qa4 a6 8. Qxc4
b5 9. Qc2 Bb7 10. Bg5 Nbd7 11. Bxf6 Nxf6 12. Nbd2 Rc8 13. Nb3 c5 14. dxc5 Be4
15. Qc3 Bd5 16. Rfd1 Qc7 17. Rac1 Bxb3 18. Qxb3 Bxc5 19. e3 Qb8 20. Ne1 h5 21.
Nd3 Bd6 22. a4 h4 23. axb5 hxg3 24. hxg3 axb5 25. Nf4 Bxf4 26. gxf4 e5 27. fxe5
Qxe5 28. Qb4 1/2-1/2

[Event "XII Festival A"]
[Site "Amantea ITA"]
[Date "2014.09.10"]
[Round "4"]
[White "Sveshnikov, Vladimir"]
[Black "Draskovic, Davor"]
[WhiteElo "2380"]
[BlackElo "1902"]
[Result "1-0"]
[PlyCount "87"]
[EventDate "2014.09.07"]

1. e4 c6 2. d4 d5 3. Nc3 dxe4 4. Nxe4 Bf5 5. Ng3 Bg6 6. h4 h6 7. Nf3 Nd7 8. h5
Bh7 9. Bd3 Bxd3 10. Qxd3 e6 11. Bf4 Ngf6 12. O-O-O Be7 13. Kb1 O-O 14. Ne4 Nxe4
15. Qxe4 Nf6 16. Qe2 Qd5 17. Ne5 Qe4 18. Qxe4 Nxe4 19. Rhe1 Nf6 20. g4 Bd6 21.
f3 Rad8 22. c4 Nd7 23. Nd3 Bxf4 24. Nxf4 Nb6 25. b3 Rd7 26. Rd3 Rfd8 27. Red1
Kf8 28. Kc2 Ke7 29. Kc3 Kf6 30. Re1 Re8 31. Rde3 Ke7 32. Nxe6 Kf6 33. Nc5 Rxe3+
34. Rxe3 Rc7 35. f4 Nd7 36. g5+ Kf5 37. gxh6 gxh6 38. Re7 Nxc5 39. Rxc7 Ne4+
40. Kd3 Ng3 41. Rxf7+ Kg4 42. Rg7+ Kxf4 43. Rxg3 Kxg3 44. d5 1-0

[Event "XII Festival A"]
[Site "Amantea ITA"]
[Date "2014.09.11"]
[Round "5"]
[White "Collutiis, Duilio"]
[Black "Calzetta Ruiz, Monica"]
[WhiteElo "2476"]
[BlackElo "2227"]
[Result "1-0"]
[PlyCount "67"]
[EventDate "2014.09.07"]

1. e4 c5 2. Nf3 g6 3. d4 cxd4 4. Qxd4 Nf6 5. Nc3 Nc6 6. Qa4 d6 7. e5 dxe5 8.
Nxe5 Qd4 9. Nc4 Ng4 10. Be3 Nxe3 11. fxe3 Qd8 12. Rd1 Bd7 13. Qb3 Bg7 14. Ne4
O-O 15. Nc5 Qc8 16. Nxd7 Rd8 17. Nc5 Rxd1+ 18. Kxd1 b5 19. Nd2 Ne5 20. Nce4
Qg4+ 21. Kc1 a6 22. h3 Qh5 23. g4 Qh4 24. Bg2 Rd8 25. Rf1 e6 26. a3 Qe7 27. g5
Qc7 28. Nf6+ Bxf6 29. gxf6 Rd3 30. Qb4 Rxe3 31. Qe7 Qc8 32. Bb7 Qb8 33. Ne4 h6
34. Nd6 1-0

[Event "XII Festival A"]
[Site "Amantea ITA"]
[Date "2014.09.11"]
[Round "5"]
[White "Damia, Angelo"]
[Black "Rasmussen, Allan Stig"]
[WhiteElo "2209"]
[BlackElo "2517"]
[Result "0-1"]
[PlyCount "106"]
[EventDate "2014.09.07"]

1. e4 c6 2. c4 d5 3. exd5 cxd5 4. cxd5 Nf6 5. Nc3 Nxd5 6. Nf3 e6 7. d4 Be7 8.
Bb5+ Bd7 9. Bd3 Bc6 10. O-O Nd7 11. Re1 Qb6 12. a3 Rd8 13. Qc2 h6 14. Be3 O-O
15. Rad1 Rfe8 16. Bc1 Nxc3 17. bxc3 Qa5 18. Qb2 Bd6 19. Nd2 Nb6 20. Nc4 Nxc4
21. Bxc4 Qc7 22. g3 Rc8 23. Re3 Qa5 24. Rde1 a6 25. f4 Red8 26. Bd3 Bb8 27. Bb1
Qd5 28. Be4 Qd7 29. Bb1 Qd5 30. Be4 Qd7 31. Bb1 Bd5 32. Qc2 g6 33. Qe2 Bd6 34.
h4 h5 35. Bb2 b5 36. Re5 Bc4 37. Qf3 f5 38. Kh2 Bxe5 39. fxe5 Bd5 40. Qf4 Qe7
41. Qh6 Qg7 42. Qg5 Rd7 43. Re3 Rdc7 44. Bc2 Kh7 45. Bd1 a5 46. Kg1 Qf8 47. Bf3
Bxf3 48. Rxf3 b4 49. axb4 axb4 50. Qd2 bxc3 51. Rxc3 Rxc3 52. Bxc3 Qa3 53. Bb4
Qxg3+ 0-1

[Event "XII Festival A"]
[Site "Amantea ITA"]
[Date "2014.09.11"]
[Round "5"]
[White "Delorme, Axel"]
[Black "Ochsner, Bjorn Moller"]
[WhiteElo "2505"]
[BlackElo "2336"]
[Result "1/2-1/2"]
[PlyCount "78"]
[EventDate "2014.09.07"]

1. d4 Nf6 2. g3 c5 3. d5 b5 4. Bg2 d6 5. e4 g6 6. Ne2 Bg7 7. O-O O-O 8. h3 Nbd7
9. a4 b4 10. Re1 Nb6 11. Nd2 Rb8 12. a5 Na8 13. Ra2 e6 14. dxe6 Bxe6 15. b3 Nc7
16. Nc4 d5 17. exd5 Nfxd5 18. Bb2 Nb5 19. Bxg7 Kxg7 20. a6 Nbc3 21. Nxc3 Nxc3
22. Qxd8 Rfxd8 23. Ra5 Rb5 24. Rxb5 Nxb5 25. Nb2 Rc8 26. Re5 Nd4 27. Nd3 Kf6
28. f4 Nxc2 29. Nxc5 Nd4 30. Bb7 Rd8 31. Nxe6 fxe6 32. Re4 Rd6 33. Kf2 Nxb3 34.
Rxb4 Nc5 35. Rb5 Nxa6 36. Ra5 Nb4 37. g4 h6 38. Be4 Nd5 39. Bxd5 Rxd5 1/2-1/2

[Event "XII Festival A"]
[Site "Amantea ITA"]
[Date "2014.09.11"]
[Round "5"]
[White "Farago, Ivan"]
[Black "Sharma, Dinesh K."]
[WhiteElo "2428"]
[BlackElo "2359"]
[Result "1/2-1/2"]
[PlyCount "33"]
[EventDate "2014.09.07"]

1. d4 Nf6 2. c4 g6 3. Nc3 Bg7 4. e4 d6 5. Be2 O-O 6. Nf3 Na6 7. O-O e5 8. Re1
Bg4 9. d5 Nc5 10. Bf1 a5 11. h3 Bd7 12. Nh2 Nh5 13. g3 Qe8 14. Be2 Nf6 15. Bf1
Nh5 16. Be2 Nf6 17. Bf1 1/2-1/2

[Event "XII Festival A"]
[Site "Amantea ITA"]
[Date "2014.09.11"]
[Round "5"]
[White "Harshal, Shahi"]
[Black "Estremera Panos, Sergio"]
[WhiteElo "2185"]
[BlackElo "2366"]
[Result "0-1"]
[PlyCount "70"]
[EventDate "2014.09.07"]

1. e4 e5 2. Nf3 Nc6 3. Bc4 Bc5 4. c3 Nf6 5. d3 O-O 6. Bb3 d5 7. Qe2 a5 8. a4
Be6 9. Bc2 dxe4 10. dxe4 h6 11. O-O Qe7 12. Nbd2 Nh5 13. Nc4 Qf6 14. Kh1 Rad8
15. Nfxe5 Nxe5 16. Nxe5 Qxe5 17. f4 Bc4 18. Qf3 Qe7 19. Re1 Qh4 20. g3 Qh3 21.
b3 Ba6 22. e5 b6 23. Be4 f5 24. Bc6 Rd3 25. Be3 Bxe3 26. Rxe3 Rd2 27. Qd5+ Rxd5
28. Bxd5+ Kh7 29. c4 Nxf4 30. Bf3 Ne6 31. Rd1 Nc5 32. e6 Re8 33. e7 Bb7 34.
Bxb7 Nxb7 35. Kg1 Nd6 0-1

[Event "XII Festival A"]
[Site "Amantea ITA"]
[Date "2014.09.11"]
[Round "5"]
[White "Libiszewski, Fabien"]
[Black "Bruno, Fabio"]
[WhiteElo "2531"]
[BlackElo "2436"]
[Result "1-0"]
[PlyCount "85"]
[EventDate "2014.09.07"]

1. e4 e6 2. d4 d5 3. Nd2 c5 4. Ngf3 Nc6 5. exd5 exd5 6. Bb5 Bd6 7. dxc5 Bxc5 8.
O-O Nge7 9. Nb3 Bd6 10. Bg5 O-O 11. Bh4 f6 12. Bg3 Ne5 13. Re1 Qc7 14. Nfd4 a6
15. Bf1 Bg4 16. f3 Bd7 17. Kh1 Rfe8 18. c3 Rad8 19. Qc2 N7c6 20. Nxc6 bxc6 21.
Bxa6 c5 22. Bf1 Ba4 23. Qf2 Qb6 24. Nc1 Rb8 25. b3 Bc6 26. Nd3 Qa5 27. Nxe5
Bxe5 28. Bxe5 Rxe5 29. Rxe5 fxe5 30. Qe1 Qc7 31. c4 d4 32. Bd3 Re8 33. Rc1 e4
34. fxe4 Qb7 35. Rc2 Bxe4 36. Re2 Bxg2+ 37. Kg1 Rxe2 38. Qxe2 Bc6 39. Qe6+ Kf8
40. Bxh7 Bd7 41. Qd6+ Kf7 42. Bg6+ Kg8 43. Qe7 1-0

[Event "XII Festival A"]
[Site "Amantea ITA"]
[Date "2014.09.11"]
[Round "5"]
[White "Sanchez Enriquez, Oscar Gerardo"]
[Black "Bove, Alessandro"]
[WhiteElo "2383"]
[BlackElo "2302"]
[Result "1/2-1/2"]
[PlyCount "31"]
[EventDate "2014.09.07"]

1. e4 c5 2. Nf3 e6 3. b3 d6 4. Bb2 e5 5. Bc4 g6 6. Nc3 Bg7 7. h4 h6 8. h5 g5 9.
Nh2 Nc6 10. Nf1 f5 11. exf5 Bxf5 12. Ne3 Nge7 13. Nxf5 Nxf5 14. Qg4 Qd7 15.
O-O-O O-O-O 16. Nd5 1/2-1/2

[Event "XII Festival A"]
[Site "Amantea ITA"]
[Date "2014.09.11"]
[Round "5"]
[White "Solomon, Kenny"]
[Black "Horvath, Jozsef"]
[WhiteElo "2378"]
[BlackElo "2514"]
[Result "0-1"]
[PlyCount "144"]
[EventDate "2014.09.07"]

1. d4 Nf6 2. c4 e6 3. Nf3 Bb4+ 4. Nbd2 b6 5. g3 Bb7 6. Bg2 O-O 7. O-O d5 8. a3
Be7 9. cxd5 exd5 10. Ne5 c5 11. b3 Nbd7 12. Bb2 Re8 13. Rc1 cxd4 14. Nxd7 Qxd7
15. Nf3 Ne4 16. Nxd4 Bf6 17. Qd3 a5 18. Rc2 Ba6 19. Qf3 Rac8 20. Rfc1 Rxc2 21.
Rxc2 a4 22. h4 h6 23. b4 Bc4 24. Kh2 b5 25. Bh3 Qa7 26. e3 Qb6 27. Bd7 Rd8 28.
Bf5 Qb7 29. Bh3 Bd3 30. Rc1 Bc4 31. Rc2 Bd3 32. Rc1 h5 33. Rd1 Bc4 34. Rc1 g6
35. Rc2 Bg7 36. Kg1 Rd6 37. Qd1 Qb8 38. Bg2 Rd7 39. Nc6 Qd6 40. Nd4 Re7 41. Qf3
Be5 42. Bh3 Rc7 43. Bg2 Bd3 44. Rxc7 Qxc7 45. Qd1 Qc4 46. Bxe4 dxe4 47. Qc1 f6
48. Qd2 Kf7 49. Kh2 Qa2 50. Qc1 Bxd4 51. exd4 Bc4 52. Kg1 Qb3 53. Bc3 Ke6 54.
Kg2 Kd5 55. Kg1 Be2 56. Be1 Qc4 57. Qf4 Qxd4 58. Qc7 Qd1 59. Qc5+ Ke6 60. Qc3
Bc4 61. Qe3 Qd3 62. Qb6+ Kf5 63. Kh2 Qxa3 64. Qc5+ Kg4 65. Qd4 f5 66. Qd1+ Qf3
67. Qd8 Qd3 68. Qg5+ Kf3 69. Qxg6 Ke2 70. Qxh5+ Kxe1 71. Qxf5 Qf3 72. Qe5 Kxf2
0-1

[Event "XII Festival A"]
[Site "Amantea ITA"]
[Date "2014.09.11"]
[Round "5"]
[White "Sveshnikov, Evgeny E."]
[Black "Sumets, Andrey"]
[WhiteElo "2502"]
[BlackElo "2618"]
[Result "1/2-1/2"]
[PlyCount "20"]
[EventDate "2014.09.07"]

1. e4 c6 2. d4 d5 3. exd5 cxd5 4. c4 Nf6 5. Nc3 e6 6. Nf3 Be7 7. cxd5 exd5 8.
Bb5+ Bd7 9. Bxd7+ Nbxd7 10. O-O O-O 1/2-1/2

[Event "XII Festival A"]
[Site "Amantea ITA"]
[Date "2014.09.11"]
[Round "5"]
[White "Sveshnikov, Vladimir"]
[Black "Horvath, Csaba"]
[WhiteElo "2380"]
[BlackElo "2537"]
[Result "0-1"]
[PlyCount "114"]
[EventDate "2014.09.07"]

1. e4 c5 2. c3 d6 3. d4 Nf6 4. Bd3 Qc7 5. Nf3 g6 6. O-O Bg7 7. Nbd2 O-O 8. Re1
cxd4 9. cxd4 Nc6 10. h3 e5 11. d5 Nb4 12. Bb1 a5 13. a3 Na6 14. b3 Nc5 15. Bb2
Bd7 16. Bc2 Nh5 17. Rc1 Nf4 18. Re3 Rfc8 19. Kh2 Bh6 20. Rc3 Bb5 21. a4 Be2 22.
Qe1 Qd7 23. Bb1 b6 24. Ba3 Ba6 25. Bxc5 bxc5 26. Nc4 Rcb8 27. Bc2 Rb4 28. Rb1
Bc8 29. Qf1 Qc7 30. Ng1 Nh5 31. Ne2 Rab8 32. g3 Nf6 33. Qd1 Ba6 34. f3 Bg7 35.
Bd3 Bc8 36. Na3 Bd7 37. Bb5 Bxb5 38. Nxb5 Qb6 39. Rc4 Ne8 40. Nec3 h5 41. Na2
Rxc4 42. bxc4 Qd8 43. Na7 h4 44. g4 Bh6 45. Nc6 Rxb1 46. Qxb1 Qf6 47. Kg2 Bd2
48. Qf1 Qf4 49. Qf2 Nf6 50. Ne7+ Kg7 51. Nc8 Be3 52. Qxh4 Nxe4 53. fxe4 Qxe4+
54. Kf1 Qxc4+ 55. Ke1 Qxa2 56. Nxd6 Qd2+ 57. Kf1 Qd1+ 0-1

[Event "XII Festival A"]
[Site "Amantea ITA"]
[Date "2014.09.11"]
[Round "5"]
[White "Valsecchi, Alessio"]
[Black "Favaloro, Andrea"]
[WhiteElo "2438"]
[BlackElo "2082"]
[Result "1-0"]
[PlyCount "51"]
[EventDate "2014.09.07"]

1. b3 e5 2. Bb2 d6 3. e3 Nf6 4. c4 g6 5. g3 Bg7 6. Bg2 O-O 7. Ne2 Re8 8. O-O
Nbd7 9. d3 c6 10. Nbc3 Qe7 11. Ba3 Nf8 12. Qd2 Ne6 13. f4 exf4 14. gxf4 Bh6 15.
Ng3 Ng7 16. Nce4 Nxe4 17. dxe4 Qh4 18. Bb2 Bg4 19. Qc3 Rad8 20. Rf2 Qe7 21. Re1
Bc8 22. Rd2 b6 23. Bf3 Bb7 24. Rg2 Qf8 25. Qf6 Re6 26. Qh4 1-0